Cost management : (Record no. 137000)

MARC details
000 -LEADER
fixed length control field 00813cam a2200265 a 4500
008 - FIXED-LENGTH DATA ELEMENTS--GENERAL INFORMATION
fixed length control field
020 ## - INTERNATIONAL STANDARD BOOK NUMBER
International Standard Book Number 0070059195 (pbk.)
049 ## - LOCAL HOLDINGS (OCLC)
Holding library MAIN
090 ## - LOCALLY ASSIGNED LC-TYPE CALL NUMBER (OCLC); LOCAL CALL NUMBER (RLIN)
Classification number (OCLC) (R) ; Classification number, CALL (RLIN) (NR) HF5686.C8
Local cutter number (OCLC) ; Book number/undivided call number, CALL (RLIN) BLO
003 - CONTROL NUMBER IDENTIFIER
control field
005 - DATE AND TIME OF LATEST TRANSACTION
control field 20230123125156.0
040 ## - CATALOGING SOURCE
Transcribing agency NUST
100 1# - MAIN ENTRY--PERSONAL NAME
Personal name Blocher, Edward.
245 10 - TITLE STATEMENT
Title Cost management :
Remainder of title a strategic emphasis /
Statement of responsibility, etc. Edward J. Blocher, Kung H. Chen and Thomas W. Lin.
246 ## - VARYING FORM OF TITLE
Title proper/short title Cost management :
Remainder of title a strategic emphasis.
260 ## - PUBLICATION, DISTRIBUTION, ETC.
Place of publication, distribution, etc. Boston :
Name of publisher, distributor, etc. Irwin/McGraw-Hill,
Date of publication, distribution, etc. 1999.
300 ## - PHYSICAL DESCRIPTION
Extent 462 p. :
Dimensions 28 cm.
500 ## - GENERAL NOTE
General note Solutions manual to accompany.
650 #0 - SUBJECT ADDED ENTRY--TOPICAL TERM
Topical term or geographic name entry element Cost accounting.
650 #0 - SUBJECT ADDED ENTRY--TOPICAL TERM
Topical term or geographic name entry element Managerial accounting.
700 1# - ADDED ENTRY--PERSONAL NAME
Personal name Chen, Kung H.
700 ## - ADDED ENTRY--PERSONAL NAME
Personal name Lin, W. Thomas.
907 ## - LOCAL DATA ELEMENT G, LDG (RLIN)
a .b10284011
b 11-03-11
c 23-09-10
942 ## - ADDED ENTRY ELEMENTS (KOHA)
Koha item type Ordinary Loan Books
Call number prefix HF5686.C8
Call number suffix BLO
Holdings
Date last seen Total Checkouts Full call number Barcode Cost, replacement price Price effective from Koha item type Lost status Source of classification or shelving scheme Damaged status Not for loan Collection Withdrawn status Home library Current library Shelving location Date acquired Cost, normal purchase price
01/23/2023 3 HF5686.C8 BLO 92004014392 80.00 01/23/2023 BOOKS   LCC   1 NFIC   MAIN MAIN GEN 01/23/2023 80.00